000 00210 a2200097 4500
001 42185
100 _aChinery M
245 _aConcise Encyclopedia of Nature
260 _a
_bPurnell
_c
090 _c26173
_d26173
942 _aNUST-CAE
_cM
_c17973
999 _c277258
_d277258